15 najbardziej dotkniętych krajów Covid-19 - 18 maja - Statystyki

Ogólne statystyki
  • Ten quiz został rozwiązany 64 razy
  • Średni wynik to 13 z 25
Statystyki odpowiedzi
kraj % Poprawnych
Chiny
90%
Niemcy
90%
Stany Zjednoczone
87%
Francja
85%
Hiszpania
84%
Rosja
84%
Włochy
84%
Wielka Brytania
74%
Brazylia
69%
Kanada
65%
Indie
58%
Portugalia
55%
Turcja
50%
Iran
44%
Szwecja
44%
Belgia
39%
Irlandia
37%
Arabia Saudyjska
23%
Białoruś
23%
Peru
23%
Szwajcaria
23%
Singapur
13%
Katar
11%
Kuwejt
8%
Bahrajn
2%
Nie znaleziono quizów pasujących do podanych kryteriów
Rozkład punktacji
Procent ludzi z każdym wynikiem
Percentyl według liczby udzielonych odpowiedzi
Twoja historia wyników
Nie rozwiązałeś tego quizu